| 000 | 00495pam a2200181 a 4500 | ||
|---|---|---|---|
| 020 |
_a0781741424 _c5412.00 |
||
| 041 |
_aeng _hNULL |
||
| 082 |
_a618.1907572 _bPIS/YAF |
||
| 100 | _aPISANO, E . | ||
| 245 |
_aDIGITAL MAMMOGRAPHY / _cNULL. _hTextual Documents |
||
| 260 |
_aNULL : _bLIPPINCOTT WILLIAMS & WILKINS , _c2004. |
||
| 300 |
_a231 : _bX ; _cA4 . |
||
| 365 | _a5412.00 | ||
| 700 |
_aYAFFE, M . _aKUZMIAK, C . |
||
| 930 | _a3700 | ||
| 999 |
_c798234 _d798234 |
||
| 650 | _aOBST.GYNE | ||